Mali : Technical Assistance Report-Audit of the Expenditure Chain.

This paper discusses key findings of the Technical Assistance report on Mali. The expenditure chain in Mali is vulnerable, even though it is organized along traditional lines and is subject to a number of controls. The process establishes the separation of the payment authorization officer and accou...

Deskribapen osoa

Xehetasun bibliografikoak
Erakunde egilea: International Monetary Fund. Fiscal Affairs Dept
Formatua: Aldizkaria
Hizkuntza:English
Argitaratua: Washington, D.C. : International Monetary Fund, 2014.
Saila:IMF Staff Country Reports; Country Report ; No. 2014/122
Sarrera elektronikoa:Full text available on IMF
LEADER 01705cas a2200241 a 4500
001 AALejournalIMF014397
008 230101c9999 xx r poo 0 0eng d
020 |c 5.00 USD 
020 |z 9781484391785 
022 |a 1934-7685 
040 |a BD-DhAAL  |c BD-DhAAL 
110 2 |a International Monetary Fund.  |b Fiscal Affairs Dept. 
245 1 0 |a Mali :   |b Technical Assistance Report-Audit of the Expenditure Chain. 
264 1 |a Washington, D.C. :  |b International Monetary Fund,  |c 2014. 
300 |a 1 online resource (59 pages) 
490 1 |a IMF Staff Country Reports 
500 |a <strong>Off-Campus Access:</strong> No User ID or Password Required 
500 |a <strong>On-Campus Access:</strong> No User ID or Password Required 
506 |a Electronic access restricted to authorized BRAC University faculty, staff and students 
520 3 |a This paper discusses key findings of the Technical Assistance report on Mali. The expenditure chain in Mali is vulnerable, even though it is organized along traditional lines and is subject to a number of controls. The process establishes the separation of the payment authorization officer and accountant and includes numerous exante verifications. The Auditor General identified shortfalls in the amount of CFAF 35 billion, or a little more than 3 percent of the 2012 budget, in 17 audits conducted. This report also focuses on the expenditure chain and its complexities and weaknesses, and makes 10 practical recommendations. 
538 |a Mode of access: Internet 
830 0 |a IMF Staff Country Reports; Country Report ;  |v No. 2014/122 
856 4 0 |z Full text available on IMF  |u http://elibrary.imf.org/view/journals/002/2014/122/002.2014.issue-122-en.xml  |z IMF e-Library